| 000 | 00572nam a2200193 i 4500 | ||
|---|---|---|---|
| 001 | 98454 | ||
| 003 | ES-MaACL | ||
| 007 | t| | ||
| 008 | 050906s1982 sp ||||1| spa d | ||
| 080 | _a929 Peg, Vicente | ||
| 100 | 1 |
_aPeg, Vicente. _989961 |
|
| 245 | 1 | 0 |
_aVicente Peg _b: (1912-1981) / _cF. Solsona ... [et al.]. |
| 260 |
_aZaragoza : _bAteneo, _c[1982] |
||
| 300 |
_a59 p. : _bil. ; _c20 cm. |
||
| 600 | 1 | 4 |
_aPeg, Vicente- _vHomenajes. _989962 |
| 700 | 1 |
_aSolsona, Fernando. _9107252 |
|
| 852 |
_aES-MaACL _jL-3933 _bR.104755 |
||
| 852 |
_aES-MaACL _jL-4340 _bR.105076 |
||
| 999 |
_c98454 _d98454 |
||